Veinte mil leguas de viaje submarino / (Registro nro. 34311)
[ vista simple ]
| 000 -CABECERA | |
|---|---|
| campo de control de longitud fija | 00765nam a2200229 a 4500 |
| 001 - NÚMERO DE CONTROL | |
| campo de control | 000034820 |
| 005 - FECHA Y HORA DE LA ÚLTIMA TRANSACCIÓN | |
| campo de control | 20200930073926.0 |
| 008 - DATOS DE LONGITUD FIJA--INFORMACIÓN GENERAL | |
| campo de control de longitud fija | 111020s1985 sp 000 0 spa d |
| 040 ## - FUENTE DE LA CATALOGACIÓN | |
| Centro catalogador/agencia de origen | DO-SdBNP |
| Lengua de catalogación | spa |
| Centro/agencia transcriptor | BNPHU |
| 082 ## - NÚMERO DE LA CLASIFICACIÓN DECIMAL DEWEY | |
| Número de clasificación | xxxx |
| Número de documento/Ítem | V531v |
| 049 ## - FONDOS LOCALES (OCLC) | |
| Fondos de biblioteca | BNPD |
| 100 1# - ENTRADA PRINCIPAL--NOMBRE DE PERSONA | |
| Nombre de persona | Verne, Jules |
| 9 (RLIN) | 60339 |
| 240 10 - TÍTULO UNIFORME | |
| Título uniforme | Ving mille lieues sous les mers |
| Lenguaje de la obra | Español |
| 245 10 - MENCIÓN DE TÍTULO | |
| Título | Veinte mil leguas de viaje submarino / |
| Mención de responsabilidad, etc. | Jules Verne ; traductor e introducción José Félix. |
| 246 14 - FORMA VARIANTE DE TÍTULO | |
| Título propio/Titulo breve | 20,000 lenguas de viaje submarino |
| 260 ## - PUBLICACIÓN, DISTRIBUCIÓN, ETC. | |
| Lugar de publicación, distribución, etc. | Valencia : |
| Nombre del editor, distribuidor, etc. | Alfredo Ortells, |
| Fecha de publicación, distribución, etc. | 1985. |
| 300 ## - DESCRIPCIÓN FÍSICA | |
| Extensión | 227 p. ; |
| Dimensiones | 24 cm. |
| 490 1# - MENCIÓN DE SERIE | |
| Mención de serie | Clasicos de la juventud |
| 500 ## - NOTA GENERAL | |
| Nota general | Traducido del francés. |
| 700 12 - PUNTO DE ACCESO ADICIONAL--NOMBRE DE PERSONA | |
| Nombre de persona | Félix, José, |
| Término indicativo de función/relación | trad., introd. |
| 9 (RLIN) | 60340 |
| 830 #0 - PUNTO DE ACCESO ADICIONAL DE SERIE-TÍTULO UNIFORME | |
| Título uniforme | Clasicos de la juventud |
| 9 (RLIN) | 48997 |
| Estado de retiro | Estado de pérdida | Restricciones de uso | No para préstamo | Código de colección | Localización permanente | Ubicación/localización actual | Ubicación en estantería | Fecha de adquisición | Número de inventario | Total de préstamos | Signatura topográfica completa | Código de barras | Fecha visto por última vez | Precio válido a partir de | Tipo de ítem Koha | Nota pública |
|---|---|---|---|---|---|---|---|---|---|---|---|---|---|---|---|---|
| Excluido de préstamo | Monografías: Libros y Folletos | General | General | En catalogación | 20.10.2011 | LF1 | xxxx V531v | 34820-10 | 25.06.2020 | 25.06.2020 | No se presta | Perteneció a la biblioteca personal de Juan Isidro Jimenes Grullón |
